| 000 | 00646nam a2200169 i 4500 | ||
|---|---|---|---|
| 001 | 108123 | ||
| 003 | ES-MaACL | ||
| 007 | t| | ||
| 008 | 070123s1884 po ||||1| fre d | ||
| 100 | 1 |
_aChoffat, Paul. _938589 |
|
| 245 | 1 | 0 |
_aDe l'impossibilité de comprendre le Callovien dans le Jurassique supérieur / _cpar Paul Choffat. |
| 260 |
_a[Lisboa : _bs.n., _c1884?] |
||
| 300 |
_a19 p. ; _c23 cm. |
||
| 500 | _aPrecede al tit.: Extracto do Jornal de Sciences Mathematicas, Physicas e Naturaes, nº XXXVIII, Lisboa 1884. | ||
| 500 | _aLegado Federico de Botella y de Hornos. | ||
| 852 |
_aES-MaACL _jB-7987(4) _q. - Encuadernado con otras obras |
||
| 999 |
_c108123 _d108123 |
||